| 000 | 00754nam a22002413a 4500 | ||
|---|---|---|---|
| 005 | 20240113063622.0 | ||
| 008 | 011012s1993 mx fr 000 0 spa d | ||
| 020 | _a9682952786 | ||
| 035 | _aUPN01000112996 | ||
| 049 | _aCG | ||
| 050 | 4 |
_aRA644 A25 _bR5.6 |
|
| 100 | 1 |
_aRico Galindo, Blanca _932314 |
|
| 245 | 1 | 0 |
_a¿Qué onda con el sida? / _cBlanca Rico y Patricia Uribe. |
| 260 |
_aMéxico : _bADN : _bCNCA, _c1993 |
||
| 300 |
_a127 p. : _bcuadrs., figs. |
||
| 440 | 0 |
_aColección viaje al centro de la ciencia ; _v1) |
|
| 650 | 4 |
_aSIDA _912139 |
|
| 650 | 4 |
_aEducación sexual para la juventud _91513 |
|
| 700 | 1 |
_aUribe, Patricia, _ecoaut. |
|
| 901 | _a177440/177441 ej.2/177442 ej.3/177443 ej.4/177439 ej.5 | ||
| 902 | _aMMA/ | ||
| 905 | _aLibro | ||
| 999 |
_c86904 _d86904 |
||